000 00616nam a22001815i 4500
001 156496
003 ES-MaACL
005 20230906210426.0
008 951102s1854 sp |||| | spa d
040 _aAR
_bspa
_cAR
100 1 _aJuez Sarmiento, Andrés.
_9128391
245 1 0 _aObservaciones sobre el poder judicial /
_cpor Andrés Juez Sarmiento.
260 _aMadrid :
_b[s.n.] (
_fImp. de D.José C. de la Peña
_c1854.
300 _a517 p. ;
_c16 cm.
700 1 1 _aPeña, José C. de la,
_eimp.
_9131094
752 _aEspaña -
_d, Madrid
852 _aES-MaACL
_jG-9925
_z-- Enc. hol.
_x-- Edic: T300: 317 p.
999 _c156496
_d156496